01090cam a2200277 a 450000100060000000300080000600500170001400800410003103500190007204000340009104100080012508200180013310000470015124500570019826000520025530000240030750001210033150500980045265000210055065000320057183000160060383000390061994200120065899900170067095201250068732332BD-RjUL20211209051822.0140426s1926 enk 000 0 eng d a(BD-RjUL)32421 aUkOxU bengcUkOxU dBD-RjUL  aeng a201bWHR 19261 aWhitehead, Alfred North,d1861-1947.9342910aReligion in the making /cby Alfred North Whitehead. aCambridge :bCambridge University Press,c1926. ax, 160 p. ;c19 cm. a"This book consists of four lectures on religion delivered in King's Chapel, Boston, during February, 1926"--Preface0 aContents: Religion in history -- Religion and dogma -- Body and spirit -- Truth and criticism 0aReligion.998356 0aReligionxPhilosophy.94031 0v1926998359 0aLowell Institute lectures ;998360 2ddccBK c32332d32332 00102ddc4070aRUCLbRUCLcStackd1974-04-01eBritaing0.00l0o201 WHR 1926r2014-04-26 00:00:00tC-8w2014-04-26yBK